00685nam a22001697a 450000500170000001000150001702000260003203500140005803700100007208200080008210000380009024500760012824600190020426000890022327001490031230000540046120241010141029.0 aHIN-128557 a9789356847446c250.00 aHN-100903 bDBAD  aउ aशर्मा, विकास  aऐशेज एंड फायर /cविकास शर्मा  aAshes and Fire a नई दिल्लीbडायमंड पॉकेट बुक्सc2023 aX-30, ओखला इंडस्ट्रियल एरिया, फेज-2bनई दिल्लीe110020k011-40712200msales@dpb.in a152 पृ.c22 सेमी (अजिल्द)